000 00771nas a2200265 4500
001 BR9505600
003 BR-BrBNA
005 20231205094440.0
007 ta
008 230509b bl.|||p| |||| 00| 00por d
040 _aBR-BrBNA
_bpor
_cBiblioteca Nacional de Agricultura
041 _a(Pt)
072 _aP10; P40
100 1 _aPequeno, H.C.
100 1 _aSilva, Z.R.
100 1 _aCampos, J.L.D.
245 1 _aBalanco hidrico-climatico de algumas microrregioes do Estado do Ceara, Brasil
650 _aPluviometria
650 _aBalanco Hidrico
650 _aEvapotranspiracao
650 _aCeara
773 0 _tCiencia Agronomica (Brazil)
_x
_g(Dec 1974), v. 4(1-2) p. 43-46
_wBR9505600
909 _a202311
_bLúcia
_c55
_dLúcia Elande
942 _2AGRIS
_n0
_cANA
999 _c144386
_d144386